| 000 | 00805nam a22002777a 4500 | ||
|---|---|---|---|
| 003 | CHAP | ||
| 005 | 20220329133638.0 | ||
| 008 | 971013s1988 r 00010 d | ||
| 010 | _a8976 | ||
| 011 | _a9948 | ||
| 035 | _a9185 | ||
| 040 | _cCHAP | ||
| 082 |
_a511.7 _bS5Y |
||
| 100 | 0 | 0 |
_aSmith, W. Allen. _9107147 |
| 245 | _aAnálisis numérico | ||
| 260 |
_aMéxico, D. F. : _bPrentice-Hall, _c1988 |
||
| 300 | _a608 p. | ||
| 590 |
_aBATCH-UPD _b10 _c20130110 _lUCH01 _h1844 |
||
| 590 |
_aBATCH-UPD _b10 _c20130410 _lUCH01 _h1214 |
||
| 590 |
_aBATCH-UPD _b10 _c20130914 _lUCH01 _h0349 |
||
| 590 |
_aCONVERSION _b10 _c20130109 _lUCH01 _h1306 |
||
| 650 | 1 | 4 |
_aAnálisis numérico. _95991 |
| 901 | _aBK | ||
| 942 | _cLIBRO | ||
| 949 |
_a511.7 S5Y _bBC _cLIBRO _d33724000414652 _eLIBRO _gI.c/e _h77528 _i9185 _si _t28.90 |
||
| 999 |
_c8976 _d8976 |
||